00402nam a2200157Ia 45000010006000000050017000060080041000230410008000640820015000721000025000872450079001122600009001913000028002006500008002286540008002362029920260306172756.0260306t2015||||xx |||||||||||||| ||spa|| aESP a343.1bS28 aScalia, AntonineAUT 0aUna cuestión de interpretación:blos tribunales federales y el derecho c2015 a247 páginas :c20 cm. aGEN aCDE